Effectif OM 22/23 - Statistiques

Statistiques générales
  • Ce quiz a été pris 177 fois
  • Le résultat moyen est 17 sur 22
Statistiques - réponses
Hint Réponse % Correct
ESP Lopez
99%
TUR Under
97%
CHI Sanchez
96%
CON Mbemba
91%
FRA Veretout
90%
FRA Payet
87%
ARG Balerdi
85%
FRA Guendouzi
85%
MAR Harit
85%
BOS Kolasinac
85%
FRA Rongier
85%
POR Tavares
84%
FRA Clauss
83%
FRA Gigot
82%
POR Vitinha
81%
MAR Ounahi
78%
ESP Blanco
73%
COT Bailly
69%
BUR Kabore
65%
UKR Malinovskyi
62%
TUR Elmaz
46%
CAM Ngapandouetnbu
35%
Aucun quiz correspondant
Distribution des résultats
% des personnes avec chaque résultat
Percentile par nombre de réponses
Votre historique - résultats
Vous n’avez pas pris ce quiz